Science Quiz

Random Science or Biology Quiz

Cell Organelle Functions Quiz Stats

 Plays Quiz Updated Mar 18, 2020

Support Sporcle.
Go Orange.
Score 0/8 Timer 02:00
9 Plays Today
Functions Organelle % Correct
Contains the DNANucleus
94.8%
Controls what passes in and out of the cellCell Surface Membrane
90.2%
Site of aerobic respirationMitochondria
72.5%
Site of translation from messenger RNA to proteinRibosomes
56.2%
Digests macromolecules, old cell parts, and microorganismsLysosomes
55%
Receives vesicles from rest of cell. These are then secreted, sometimes after modificationGolgi Apparatus
48.3%
Synthesis of lipids and some steroids. Also, detoxificationSmooth Endoplasmic Reticulum
28.4%
Transport system in cytoplasm; collects, stores, packages and transports proteins made by the ribosomesRough Endoplasmic Reticulum
27.8%

From the Vault

Country by Movie

by tjconn728

Movies 6m
We humbly submit that the only redeeming thing about Kangaroo Jack was the country in which it was set.
Remove Ads.
Support Sporcle.
Get the best of Sporcle when you Go Orange. This ad-free experience offers more features, more stats, and more fun while also helping to support Sporcle. Thank you for becoming a member.

Show Comments

Extras

Top Quizzes Today


Score Distribution

Your Account Isn't Verified!

In order to create a playlist on Sporcle, you need to verify the email address you used during registration. Go to your Sporcle Settings to finish the process.

Report this User

Report this user for behavior that violates our Community Guidelines.

Details: